| 000 | 00709cam a2200229 4500 | ||
|---|---|---|---|
| 001 | M97660 | ||
| 008 | 090401t1999 xxu||||| |||| 00| 0 eng d | ||
| 035 | _a(Sirsi) u99801 | ||
| 041 | _aeng | ||
| 110 |
_aRoyal Institution of Chartered Surveyors _94900 |
||
| 245 | _aPlanning Policy Guidance 6 (PPG6): Town centres and retail developments | ||
| 260 |
_bRoyal Institution of Chartered Surveyors _c1999 |
||
| 350 | _a0 | ||
| 490 |
_aRICS Policy Unit Submission _vPU/SUB/018 |
||
| 650 | _aPLANNING POLICY GUIDANCE NOTE SIX | ||
| 650 | _aRETAIL DEVELOPMENTS | ||
| 650 | _aTOWN CENTRES | ||
| 690 | _aLEISURE DEVELOPMENT | ||
| 690 |
_aPlanning and development _96259 |
||
| 942 | _n0 | ||
| 948 | _c24/03/1999 | ||
| 999 |
_c99463 _d99463 |
||